00353nam a2200133Ia 450000500170000000800410001702000300005808200200008810000180010824500310012625000120015726000250016965000250019420251231105115.0251127s9999 xx 000 0 und d a1414406916 (hardcover) |  a658.003 bSON-E aSonya D. Hill 0aEncyclopedia of Management a6th ed. aDetroitbGale,c2009 aManagement Sciences